[Event "Asian Junior Chess Championship 2018"]
[Site "Central Palace of Culture of Mongolian Trade Union, Ulaanbaatar, Mongolia"]
[Date "2018.08.20"]
[Round "3"]
[Board "16"]
[White "Khanyl, Chuluuntuya"]
[Black "Chan, Lyanna"]
[Result "1-0"]
[WhiteElo "1402"]
[BlackElo "1324"]
[PlyCount "0"]
[EventDate "2018.08.19"]
[EventRounds "9"]
[EventCountry "MGL"]

1. e4 d6 2. d4 Nf6 3. Nc3 g6 4. Bd3 Bg7 5. Nf3 e5 6. dxe5 dxe5 7. Nxe5 Nxe4
8. Bb5+ c6 9. Qxd8+ Kxd8 10. Nxf7+ Ke8 11. Nxe4 Kxf7 12. Bc4+ Ke8 13. Nd6+ Kd7
14. Nxc8 Re8+ 15. Be2 Kxc8 16. c3 Nd7 17. Be3 Kc7 18. O-O Rad8 19. Rad1 Re7
20. Bg4 Bf6 21. Rfe1 Ne5 22. Bf4 Rxd1 23. Rxd1 Kb6 24. Be3+ Kc7 25. Bf4 Kb6
26. Bxe5 Bxe5 27. g3 Kc7 28. f4 Bd6 29. Kf1 Bc5 30. b4 Bb6 31. a4 a5 32. Rd3 h5
33. Bh3 c5 34. bxc5 Bxc5 35. Rd5 b6 36. Rg5 Rg7 37. Bf5 h4 38. Rxg6 Rxg6
39. Bxg6 hxg3 40. hxg3 Be3 41. Ke2 Bc1 42. f5 Kd6 43. g4 Bg5 44. Kd3 Ke5 45. Kc4
Bf6 46. Bh5 Kd6 47. Kb5 Bd8 48. c4 Kd7 49. f6 Bxf6 50. Kxb6 Bd8+ 51. Kb5 Ke6
52. c5 Kd5 53. c6 Kd6 54. Be8 Kd5 55. Ka6 Kc5 56. g5 Kb4 57. g6 Kxa4 58. c7+ Kb4
59. cxd8=Q a4 60. Bxa4 Ka3 61. g7 Kb2 62. g8=Q Ka3 63. Qb3#  1-0

[Event "Asian Junior Chess Championship 2018"]
[Site "Central Palace of Culture of Mongolian Trade Union, Ulaanbaatar, Mongolia"]
[Date "2018.08.21"]
[Round "4"]
[Board "1"]
[White "Altantuya, Boldbaatar"]
[Black "Aakanksha, Hagawane"]
[Result "1-0"]
[WhiteElo "2174"]
[BlackElo "2292"]
[PlyCount "0"]
[EventDate "2018.08.19"]
[EventRounds "9"]
[EventCountry "MGL"]

1. d4 e6 2. c4 b6 3. Nf3 Bb7 4. g3 f5 5. Bg2
Nf6 6. O-O Be7 7. Nc3 O-O 8. Qc2 Ne4 9. Ne5 d5 10.
Be3 Nd7
11. Rfd1 Bd6 12. cxd5 exd5 13. Nxe4 fxe4 14. Bf4 Nf6 15. Rac1 Qe8 16. Bh3 Qh5 17. Be6+ Kh8 18. Kg2 g5 19.
Be3 Rae8 20. Bf5 g4 21. Bd7 Re7 22. Bc6 Bc8 23. Kh1
Qh3 24. Rg1 Be6 25. Bb5 Nh5 26. Qd1 Ng7 27. Qf1 Qh5 28.
Qg2 Bxe5 29. dxe5 Qxe5 30. Rgd1 c5 31. Bf4 Qxb2 32. Rb1
Qxa2 33. Bd6 Ref7 34. Bxf8 Rxf8 35. Ra1 Qb2 36. Rdb1 Qd4 37. e3 Qd2 38. Rd1 Qb2 39.
Rdb1 Qe5 40. Rxa7 Nf5 41. Bc6 Qd6 42. Rxb6 d4 43. exd4 Nxd4 44. Rxh7+ Kg8 45. Qxe4 Bf5 46. Qe7 Qxe7 47. Rxe7 Nxc6  1-0

[Event "Asian Junior Chess Championship 2018"]
[Site "Central Palace of Culture of Mongolian Trade Union, Ulaanbaatar, Mongolia"]
[Date "2018.08.21"]
[Round "4"]
[Board "2"]
[White "Uuriintuya, Uurtsaikh"]
[Black "Chitlange, Sakshi"]
[Result "1-0"]
[WhiteElo "2313"]
[BlackElo "2144"]
[PlyCount "0"]
[EventDate "2018.08.19"]
[EventRounds "9"]
[EventCountry "MGL"]

1. e4 c6 2. c4 d5 3. exd5 cxd5 4.
cxd5 Nf6 5. Nc3 Nxd5 6. Nf3 Nxc3 7. bxc3 g6 8. d4
Bg7 9. Bc4 O-O 10. O-O Qc7 11. Qb3 Nc6 12. Bd5 Na5 13.
Qb4 e6
14. Be4 Bd7 15. Bg5 Bc6 16. Nd2 h6 17. Be7 Bxe4 18. Bd6
Nc6 19. Qa3 Qd8 20. Nxe4 Re8 21. Rad1 Qa5 22. Qb3 Qd5 23.
Rfe1 Na5 24. Qb4 b6 25. Be5 Qxa2 26. Bxg7 Kxg7 27. d5
Nb7 28. f4 f5 29. Nd6 Nxd6 30. Qxd6 Rad8 31. Qc7+ Kh8 32.
Rxe6 Qa4 33. Rde1 Rg8 34. Re7  1-0

[Event "Asian Junior Chess Championship 2018"]
[Site "Central Palace of Culture of Mongolian Trade Union, Ulaanbaatar, Mongolia"]
[Date "2018.08.21"]
[Round "4"]
[Board "3"]
[White "Bidhar, Rutumbara"]
[Black "Ulziikhishigjargal, Ochirkhuyag"]
[Result "0-1"]
[WhiteElo "2036"]
[BlackElo "1858"]
[PlyCount "0"]
[EventDate "2018.08.19"]
[EventRounds "9"]
[EventCountry "MGL"]

1. d4 Nf6 2. c4 e6 3. Nc3 d5 4. Nf3 Be7 5. e3
a6 6. b3 O-O 7. Bd3 c5 8. O-O Nc6 9. Bb2 b6 10.
Rc1 Bb7
11. cxd5 Nxd5 12. Nxd5 Qxd5 13. e4 Qh5 14. dxc5 Bxc5 15. a3
a5 16. Qe2 Rad8 17. Rfd1 Qh6 18. Ba6 Ba8 19. Qc4 Qg6 20.
Qc3 e5
21. Rxd8 Rxd8 22. Bc4 Nd4 23. Qd3 Bxe4 24. Bxf7+ Kxf7 25. Nxe5+ Kf6 26. Nxg6 Bxd3 27. Nf4 Bb5 28. Rd1 Ke5  0-1

[Event "Asian Junior Chess Championship 2018"]
[Site "Central Palace of Culture of Mongolian Trade Union, Ulaanbaatar, Mongolia"]
[Date "2018.08.21"]
[Round "4"]
[Board "4"]
[White "Amina, Battsooj"]
[Black "Munkhzul, Davaakhuu"]
[Result "0-1"]
[WhiteElo "2212"]
[BlackElo "1823"]
[PlyCount "0"]
[EventDate "2018.08.19"]
[EventRounds "9"]
[EventCountry "MGL"]

1. e4 c5 2. Nf3 Nc6 3. d4 cxd4 4. Nxd4 Nf6 5. Nc3
e6 6. Ndb5 Bb4 7. Bf4 O-O 8. Bd6 Bxd6 9. Qxd6 a6 10.
Nd4 Ne8
11. Qc5 d6 12. Nxc6 Qc7 13. Ne7+ Qxe7 14. Qe3 b5 15. Bd3
Bb7 16. O-O e5 17. Rad1 Nc7 18. Rfe1 Ne6 19. Ne2 Rac8 20.
c3 Rfd8
21. Bb1 Kh8 22. f4 f6 23. Rd2 exf4 24. Nxf4 Nxf4 25. Qxf4 d5 26. e5 fxe5 27. Rxe5 Qc5+ 28. Rd4 Rf8 29.
Qg4 Rf6
30. Qd7 Qxd4+  0-1

[Event "Asian Junior Chess Championship 2018"]
[Site "Central Palace of Culture of Mongolian Trade Union, Ulaanbaatar, Mongolia"]
[Date "2018.08.21"]
[Round "4"]
[Board "5"]
[White "Isha, Sharma"]
[Black "Tsogzolmaa, Nanjid"]
[Result "1-0"]
[WhiteElo "2145"]
[BlackElo "1792"]
[PlyCount "0"]
[EventDate "2018.08.19"]
[EventRounds "9"]
[EventCountry "MGL"]

1. e4 e6 2. d4 d5 3. Nd2 c5 4. exd5 Qxd5 5. Ngf3
cxd4 6. Bc4 Qd6 7. O-O Nf6 8. Nb3 Nc6 9. Nbxd4 Nxd4 10.
Nxd4 a6
11. c3 Qc7 12. Qe2 Bd6 13. h3 O-O 14. Bg5 Be7 15. Rfe1 Nd5 16. Bxe7 Nxe7 17. Rad1 Ng6 18. Bb3 b5 19.
Bc2 Bb7
20. Qh5 Rad8 21. Nf3 Rxd1 22. Rxd1 Qc6 23. Rd4 f5 24. Qg5
Qe8 25. Bd1 Kh8 26. Rd6 e5 27. Nh4 Nxh4 28. Qxh4 e4 29.
Bh5 g5
30. Qxg5 Qe5 31. Rd8 Qg7 32. Qxg7+ Kxg7 33. Rd7+ Kh6 34. Rxb7 Kxh5 35. Rxh7+
Kg6 36. Re7 Kg5 37. Re6 Ra8 38. g3 a5 39. h4+ Kh5 40.
Re5 b4
41. Rxf5+ Kg6 42. Re5 bxc3 43. bxc3 Rc8 44. Rxa5 Rxc3 45. Re5
Ra3 46. Rxe4 Rxa2 47. Kg2 Rb2 48. g4 Rb6 49. Kg3 Rb3+ 50.
f3 Rb6
51. h5+ Kh6 52. Kh4 Ra6 53. g5+ Kg7 54. h6+ Kg6 55. Kg4
 1-0

[Event "Asian Junior Chess Championship 2018"]
[Site "Central Palace of Culture of Mongolian Trade Union, Ulaanbaatar, Mongolia"]
[Date "2018.08.21"]
[Round "4"]
[Board "6"]
[White "Meghna, C H"]
[Black "Lu, Miaoyi"]
[Result "1-0"]
[WhiteElo "1892"]
[BlackElo "1691"]
[PlyCount "0"]
[EventDate "2018.08.19"]
[EventRounds "9"]
[EventCountry "MGL"]

1. e4 c6 2. d4 d5 3. e5 Bf5 4. Nf3 e6 5. Be2 c5 6. Be3 cxd4 7. Nxd4 Ne7 8. O-O
Nbc6 9. Bb5 a6 10. Bxc6+ bxc6 11. c4 Bg6 12. cxd5 cxd5 13. Bg5 Qd7 14. Nc3 Nf5
15. Na4 Rb8 16. Nxf5 Bxf5 17. Rc1 Be7 18. Bxe7 Qxe7 19. Qe2 Qb7 20. Nc5 Qxb2 21.
Qxa6 O-O 22. Nd7 Ra8 23. Qc6 Rfd8 24. a4 d4 25. Nb6 Ra6 26. a5 h6 27. Qc7 Re8
28. Qd7 Rf8 29. Rc8 Qb4 30. Qd6 Qxd6 31. exd6 Rxc8 32. Nxc8 e5 33. Ne7+ Kf8 34.
Nxf5 Rxa5 35. d7 Rd5 36. Rc1 f6 37. Rc8+ Kf7 38. d8=Q Rxd8 39. Rxd8 Kg6 40. Ng3
f5 41. h4 f4 42. Rd6+ Kf7 43. Ne4 Ke7 44. Kf1 g5 45. hxg5 hxg5 46. Ke2 g4 47.
Rg6 f3+ 48. gxf3 gxf3+ 49. Kxf3 Kf7 50. Ra6 Ke7 51. Kg4 d3 52. Kf5 d2 53. Nxd2
Kd7 54. Kxe5 Ke7 55. Ra7+ Kf8 56. Ke6  1-0

[Event "Asian Junior Chess Championship 2018"]
[Site "Central Palace of Culture of Mongolian Trade Union, Ulaanbaatar, Mongolia"]
[Date "2018.08.21"]
[Round "4"]
[Board "7"]
[White "Nomindalai, Tumurbaatar"]
[Black "Margadgua, Erdenebayar"]
[Result "1-0"]
[WhiteElo "1877"]
[BlackElo "1619"]
[PlyCount "0"]
[EventDate "2018.08.19"]
[EventRounds "9"]
[EventCountry "MGL"]

1. d4 d5 2. Nf3 Nf6 3. Bf4 c5 4. e3 Nc6 5. c3 cxd4 6. exd4 e6 7. Nbd2 Bd6 8. Bg3
O-O 9. Bd3 Rb8 10. O-O b5 11. Ne5 Qc7 12. f4 b4 13. Bh4 Be7 14. Rf3 bxc3 15.
Bxf6 cxb2 16. Rb1 g6 17. Nxc6 Bxf6 18. Nxb8 Bxd4+ 19. Kf1 Qxb8 20. Qb3 Qc7 21.
Qc2 Qe7 22. Nb3 Bg7 23. Qc5 Qh4 24. h3 a6 25. Qf2 Qe7 26. Rxb2 Bxb2 27. Qxb2 Qb4
28. Qd4 Qa3 29. Rf2 Qe7 30. Nc5 Qc7 31. Rc2 Qb6 32. Rb2 Qa5 33. Na4 Bd7 34. Nb6
Bc6 35. Qb4 Qxb4 36. Rxb4 a5 37. Rb2 Rb8 38. Nc4 Rxb2 39. Nxb2 f6 40. a4 e5 41.
Bb5 Bb7 42. fxe5 fxe5 43. Nd3 e4 44. Nc5 Ba8 45. Nb3 Kf7 46. Nxa5 Ke6 47. Bc6
Bxc6 48. Nxc6 Kd6 49. Nd4 Kc5 50. Nc2 Kb6 51. Ke2 Ka5 52. Ke3 Kxa4 53. Kd4 Kb3
54. Ne3 g5 55. Kxd5 Kc3 56. Kxe4 Kd2 57. Kf3 Kd3 58. Nf5 h5 59. Ng7 g4+ 60. hxg4
hxg4+ 61. Kxg4 Ke4 62. Kh5 Ke5 63. g4 Kf6 64. Kh6 Kf7 65. g5 Kg8 66. g6 Kh8 67.
Nh5 Kg8 68. g7  1-0

[Event "Asian Junior Chess Championship 2018"]
[Site "Central Palace of Culture of Mongolian Trade Union, Ulaanbaatar, Mongolia"]
[Date "2018.08.21"]
[Round "4"]
[Board "8"]
[White "Omurbekova, Diana"]
[Black "Enkhsaran, Batsaikhan"]
[Result "1-0"]
[WhiteElo "1868"]
[BlackElo "1498"]
[PlyCount "0"]
[EventDate "2018.08.19"]
[EventRounds "9"]
[EventCountry "MGL"]

1. e4 e6 2. d3 c5 3. Nd2 Nc6 4. Ngf3 Nge7 5. g3 g6 6. Bg2 Bg7 7. O-O d6 8. c3
O-O 9. Re1 e5 10. a3 a5 11. a4 b6 12. Nc4 Ba6 13. Na3 Qd7 14. Ng5 h6 15. Nh3 f5
16. f4 Rae8 17. Nf2 Kh7 18. Qb3 Rb8 19. Be3 Nd8 20. Nb5 Bxb5 21. Qxb5 Qe6 22.
Rad1 Qf7 23. d4 fxe4 24. dxe5 dxe5 25. fxe5 Ndc6 26. e6 Qxe6 27. Nxe4 Ne5 28.
Bf4 Rbd8 29. Qe2 Rxd1 30. Rxd1 N7c6 31. Nf2 Qf7 32. Bd5 Qf5 33. Be4 Qf7 34. Rd6
Re8 35. Qd1 Re6 36. Qd5 Rxd6 37. Qxd6 Qe8 38. h4 h5 39. Nh3 Nd8 40. Ng5+ Kg8 41.
Bd5+ Nef7 42. Kf2 Qf8 43. Qxg6 Qe7 44. Qxh5 Kf8 45. Nxf7 Nxf7 46. Qf5 Bf6 47.
Qh7 Bg7 48. Qg6 Qd7 49. Qxf7+ Qxf7 50. Bxf7 Kxf7 51. Bc7 Ke6 52. Bxb6 Kd5 53.
Bxa5 Kc4 54. Bb6 Bf8 55. Ke3 Kd5 56. Kf4 Kc6 57. a5 Kb5 58. g4 c4 59. g5 Kc6 60.
Kf5 Bg7 61. h5 Kb5 62. h6 Bh8 63. g6 Ka6 64. g7 Bxg7 65. hxg7 Kb5 66. g8=Q Ka4
67. Qxc4#  1-0

[Event "Asian Junior Chess Championship 2018"]
[Site "Central Palace of Culture of Mongolian Trade Union, Ulaanbaatar, Mongolia"]
[Date "2018.08.21"]
[Round "4"]
[Board "9"]
[White "Priyamvada, Karamcheti"]
[Black "Mandukhai, Myagmarsuren"]
[Result "1-0"]
[WhiteElo "1850"]
[BlackElo "1717"]
[PlyCount "0"]
[EventDate "2018.08.19"]
[EventRounds "9"]
[EventCountry "MGL"]

1. d4 d5 2. c4 c6 3. Nc3 Nf6 4. e3 e6 5. Nf3 Nbd7 6. Bd3 dxc4 7. Bxc4 b5 8. Bd3
Bd6 9. e4 e5 10. O-O O-O 11. h3 h6 12. Be3 Bb7 13. Qe2 b4 14. dxe5 Bxe5 15. Na4
Qe7 16. Rac1 Bd6 17. Nd4 Ne5 18. Nf5 Qd7 19. Rfd1 Rfd8 20. Bb1 Ne8 21. f4 Qc7
22. Nxd6 Nxd6 23. fxe5 Nb5 24. Nc5 Bc8 25. Qc4 Rf8 26. e6 a5 27. exf7+ Rxf7 28.
e5 Kh8 29. Rd8+ Qxd8 30. Qxf7 Ra7 31. Qg6 Qg8 32. Rf1  1-0

[Event "Asian Junior Chess Championship 2018"]
[Site "Central Palace of Culture of Mongolian Trade Union, Ulaanbaatar, Mongolia"]
[Date "2018.08.21"]
[Round "4"]
[Board "10"]
[White "Bayasgalan, Khishigbaatar"]
[Black "Udval, Enkhsaikhan"]
[Result "0-1"]
[WhiteElo "1524"]
[BlackElo "1599"]
[PlyCount "0"]
[EventDate "2018.08.19"]
[EventRounds "9"]
[EventCountry "MGL"]

1. Nf3 d5 2. d4 Nf6 3. g3 Bf5 4. Bg2 h6 5. c4 c6 6. Nc3 e6 7. O-O Nbd7 8. Bf4
Be7 9. Re1 O-O 10. Rc1 Ne4 11. cxd5 Nxc3 12. bxc3 exd5 13. c4 Ba3 14. Qb3 Bxc1
15. Bxc1 Qb6 16. Qa4 dxc4 17. e4 Bg4 18. Qxc4 Bxf3 19. Bxf3 c5 20. e5 cxd4 21.
e6 fxe6 22. Rxe6 Qc5 23. Qb3 Kh8 24. Ba3 Qf5 25. Bxf8 Rxf8 26. Kg2 Nc5 27. Qd1
Nxe6  0-1

[Event "Asian Junior Chess Championship 2018"]
[Site "Central Palace of Culture of Mongolian Trade Union, Ulaanbaatar, Mongolia"]
[Date "2018.08.21"]
[Round "4"]
[Board "13"]
[White "Enkhbolor, Nyamdavaa"]
[Black "Oyudari, Batkhuu"]
[Result "1-0"]
[WhiteElo "1563"]
[BlackElo "1010"]
[PlyCount "0"]
[EventDate "2018.08.19"]
[EventRounds "9"]
[EventCountry "MGL"]

1. e4 c5 2. Nc3 Nc6 3. g3 g6 4. Bg2 Bg7 5. d3 d6 6. Nge2 e6 7. Be3 Rb8 8. Qd2
Nd4 9. O-O b5 10. Nd1 Ne7 11. c3 Nxe2+ 12. Qxe2 O-O 13. Qd2 Re8 14. Bh6 Bh8 15.
h3 b4 16. c4 a5 17. Kh2 Bd7 18. f3 Qb6 19. Nf2 a4 20. Rab1 Qc7 21. Bg5 Bg7 22.
Ng4 f5 23. Nf6+ Bxf6 24. Bxf6 Kf7 25. Bh4 Kg7 26. g4 h6 27. Bg3 Rf8 28. exf5
exf5 29. g5 h5 30. Qf4 Rb6 31. Rfe1 Ng8 32. d4 Kh7 33. dxc5 Qxc5 34. Rbd1 Rc8
35. Bf1 Rcc6 36. Rd5 Qxd5 37. cxd5 Rc2+ 38. Re2 b3 39. Rxc2 bxc2 40. Qc1 f4 41.
Bf2 Rb7 42. Qxc2 Bf5 43. Qc3 Ne7 44. Qd4  1-0

[Event "Asian Junior Chess Championship 2018"]
[Site "Central Palace of Culture of Mongolian Trade Union, Ulaanbaatar, Mongolia"]
[Date "2018.08.21"]
[Round "4"]
[Board "15"]
[White "Khongorzul, Davaakhuu"]
[Black "Amartuvshin, Naransolongo"]
[Result "0-1"]
[WhiteElo "1633"]
[BlackElo "1262"]
[PlyCount "0"]
[EventDate "2018.08.19"]
[EventRounds "9"]
[EventCountry "MGL"]

1. e4 c5 2. Nf3 d6 3. c4 Nf6 4. Nc3 e5 5. g3 Nc6 6. Bg2 Be7 7. d3 a6 8. a4 Be6
9. Ng5 Bd7 10. f4 h6 11. Nf3 exf4 12. Bxf4 O-O 13. b3 Qa5 14. Bd2 Qc7 15. O-O
Nb4 16. Bf4 Nh5 17. Be3 Nf6 18. Nh4 Ng4 19. Bd2 Bxh4 20. gxh4 Ne5 21. Nd5 Nxd5
22. exd5 Kh8 23. Bf4 Ng6 24. Bg3 Rae8 25. h5 Ne5 26. Bf4 f5 27. Qd2 Kh7 28. Bh3
Qd8 29. Qg2 Qh4 30. Bxe5 Rxe5 31. Ra2 Qxh5 32. Raf2 Qg6 33. Qxg6+ Kxg6 34. Rg2+
Kh7 35. Rd2 g6 36. Rb1 a5 37. d4 Re3 38. Bg2 b6 39. Kf2 Rfe8 40. Rbb2 f4 41. Bf3
g5 42. Bh5 R8e7 43. dxc5 bxc5 44. Re2 Rxe2+ 45. Rxe2 Rxe2+ 46. Bxe2 Bf5 47. Kf3
Kg7 48. Bd1 Kf6 49. Kg2 g4 50. Kf2 Kg5 51. Kg2 h5  0-1

[Event "Asian Junior Chess Championship 2018"]
[Site "Central Palace of Culture of Mongolian Trade Union, Ulaanbaatar, Mongolia"]
[Date "2018.08.21"]
[Round "4"]
[Board "16"]
[White "Unurzul, Davaakhuu"]
[Black "Anandpara, Jayendra Saloni"]
[Result "1-0"]
[WhiteElo "1352"]
[BlackElo "1346"]
[PlyCount "0"]
[EventDate "2018.08.19"]
[EventRounds "9"]
[EventCountry "MGL"]

1. e4 c5 2. Nf3 d6 3. d4 cxd4 4. Nxd4 Nf6 5. Nc3 a6 6. Be3 e5 7. Nb3 Be6 8. Bd3
Be7 9. O-O O-O 10. h3 Nbd7 11. f4 exf4 12. Bxf4 b5 13. Kh1 Ne5 14. Nd4 Ng6 15.
Be3 Qd7 16. Kh2 d5 17. Nxe6 Qxe6 18. Bd4 dxe4 19. Bxf6 Bxf6 20. Nxe4 Bxb2 21.
Rb1 Qxa2 22. Qh5 h6 23. c3 Qa3 24. Bc2 Rac8 25. Rf3 Bxc3 26. Kh1 Qa5 27. Nd6 Ne5
28. Nxc8 Nxf3 29. Ne7+ Kh8 30. Qxf3 Bf6 31. Qf5  1-0

[Event "Asian Junior Chess Championship 2018"]
[Site "Central Palace of Culture of Mongolian Trade Union, Ulaanbaatar, Mongolia"]
[Date "2018.08.22"]
[Round "5"]
[Board "1"]
[White "Ulziikhishigjargal, Ochirkhuyag"]
[Black "Altantuya, Boldbaatar"]
[Result "0-1"]
[WhiteElo "1858"]
[BlackElo "2174"]
[PlyCount "0"]
[EventDate "2018.08.19"]
[EventRounds "9"]
[EventCountry "MGL"]

1. e4 c5 2. Nf3 e6 3. d4 cxd4
4. Nxd4 Nf6 5. Nc3 d6 6. Bd3 Nc6 7. Nb3 a6 8. Qe2
Be7 9. O-O b5 10. Bd2 Bb7 11. Rae1 Qc7 12. Kh1 O-O 13.
f4 b4
14. Nd1 a5 15. e5 dxe5 16. fxe5 Ne8 17. Nf2 a4 18. Qe4
g6 19. Bh6 axb3 20. Bxf8 Bxf8 21. axb3 Bg7 22. Ra1 Rxa1 23.
Rxa1 Nxe5 24. Qxb4 Nxd3 25. Nxd3 Qxc2 26. Qxb7 Qxd3 27. Qe7
Qb5 28. Rd1 Bf6 29. Qd7 Qxd7 30. Rxd7 Be5 31. b4 Nd6 32.
Rd8+ Kg7 33. b3 Kf6 34. Rb8 Bd4 35. g3 Ke7 36. Kg2
e5 37. g4 e4 38. g5 e3 39. Kf1 f5 40. gxf6+ Bxf6 41.
Ke2 Bd4
42. b5 Ne4 43. b6 Nc3+ 44. Ke1 Bf6 45. Rb7+ Kd8 46. Rxh7 Kc8 47. b7+ Kb8 48. b4 g5 49. Rh3 Nd5 50.
Rf3 Bd4
51. Rf8+ Kxb7 52. Ke2 Kc6 53. Rd8 Nc3+ 54. Kd3 e2 55. Re8
Bf2 56. Rxe2 Nxe2 57. Kxe2 Bh4 58. Kf3 Kb5 59. Kg2 Kxb4 60.
Kh1 Kc3
61. Kg2 Kd2 62. Kf3 Ke1 63. Kg2 Ke2 64. Kg1 Kf3 65. Kf1
Bf2 66. h3 Ba7  0-1

[Event "Asian Junior Chess Championship 2018"]
[Site "Central Palace of Culture of Mongolian Trade Union, Ulaanbaatar, Mongolia"]
[Date "2018.08.22"]
[Round "5"]
[Board "2"]
[White "Aakanksha, Hagawane"]
[Black "Uuriintuya, Uurtsaikh"]
[Result "1-0"]
[WhiteElo "2292"]
[BlackElo "2313"]
[PlyCount "0"]
[EventDate "2018.08.19"]
[EventRounds "9"]
[EventCountry "MGL"]

1. e4 c5 2. Nf3 e6 3. c4 Nc6 4. Nc3 Nd4 5. Nxd4 cxd4 6. Ne2 e5 7. Ng3 g6 8. Be2
Bg7 9. d3 d6 10. O-O Ne7 11. f4 exf4 12. Bxf4 Nc6 13. Qd2 Be6 14. Rae1 h5
15. Bd1 h4 16. Nf5 gxf5 17. exf5 Qd7 18. fxe6 fxe6 19. Bg4 Be5 20. Bxe5 Nxe5
21. Qg5 Qe7 22. Rxe5 dxe5 23. Qg6+ Kd8 24. Rf7 Qd6 25. Qf6+ Ke8 26. Rxb7  1-0

[Event "Asian Junior Chess Championship 2018"]
[Site "Central Palace of Culture of Mongolian Trade Union, Ulaanbaatar, Mongolia"]
[Date "2018.08.22"]
[Round "5"]
[Board "3"]
[White "Nomindalai, Tumurbaatar"]
[Black "Isha, Sharma"]
[Result "1/2-1/2"]
[WhiteElo "1877"]
[BlackElo "2145"]
[PlyCount "0"]
[EventDate "2018.08.19"]
[EventRounds "9"]
[EventCountry "MGL"]

1. d4 d6 2. Bg5 g6 3. e3 Bg7 4. c4 Nf6 5. Nc3
O-O 6. Be2 c6 7. Bf3 Nbd7 8. Nge2 Qa5 9. Bxf6 Nxf6 10.
O-O h5
11. Rb1 Qg5 12. b4 h4 13. b5 h3 14. g3 c5 15. Nf4
cxd4 16. exd4 Bf5 17. Rb3 Rac8 18. Rb4 e5 19. dxe5 dxe5 20.
Nfd5 Nxd5 21. Nxd5 e4 22. Be2 Rfd8 23. Qb3 Qd2 24. Ne7+ Kf8 25. Nxc8 Rxc8 26. Ra4 Qxe2 27. Qd1 Qxd1 28.
Rxd1 e3
29. Re1 Rd8 30. fxe3 Rd2 31. c5 Rg2+ 32. Kh1 Be6 33. Rd1
Bxa2 34. c6 bxc6 35. bxc6 Be5 36. Rc1 Re2 37. e4 Bb3 38.
Rxa7 Bc2 39. c7 Bxe4+ 40. Kg1 Rg2+ 41. Kf1 Bxc7 42. Rcxc7 Bd5 43. Ra4 Rxh2 44. Rh4 Rh1+ 45. Kf2 Be6 46.
Ra7 Rh2+ 47. Kf3 Kg7 48. g4 Rh1 49. Kg3 Rg1+ 50. Kxh3 g5 51. Kh2 gxh4 52. Kxg1 Bxg4 53. Kf2 Kg6 54.
Ra8 Kg5
55. Ra5+ Kf4 56. Ra4+ Kg5 57. Ra5+ Bf5 58. Kf3 f6 59. Rc5
Kg6 60. Ra5 Bc8 61. Rc5 Be6 62. Ra5 h3 63. Kg3 Kf7 64.
Ra7+ Kg6 65. Ra5 Bf5 66. Rc5 Bd7 67. Ra5 Kf7 68. Ra7
Ke7 69. Rb7 Kd6 70. Ra7 Bc8 71. Ra8 Bb7 72. Rf8 Ke7 73.
Rxf6  1/2-1/2

[Event "Asian Junior Chess Championship 2018"]
[Site "Central Palace of Culture of Mongolian Trade Union, Ulaanbaatar, Mongolia"]
[Date "2018.08.22"]
[Round "5"]
[Board "4"]
[White "Chitlange, Sakshi"]
[Black "Omurbekova, Diana"]
[Result "1-0"]
[WhiteElo "2144"]
[BlackElo "1868"]
[PlyCount "0"]
[EventDate "2018.08.19"]
[EventRounds "9"]
[EventCountry "MGL"]

1. d4 Nf6 2. c4 c5 3. d5 d6 4. Nc3 g6 5. e4
Bg7 6. Bd3 O-O 7. Nge2 e5 8. O-O a6 9. a4 a5 10.
Bg5 h6
11. Bd2 Ne8 12. Kh1 f5 13. f4 Nd7 14. exf5 gxf5 15. fxe5 Nxe5 16. Qc2 Qh4 17. g3 Qg4 18. Nf4 Nf3 19.
Be3 Nd4
20. Qf2 Bh8 21. Nce2 Nxe2 22. Bxe2 Qg7 23. Nh5 Qg6 24. Rab1 Bd7 25. b3 b6 26. Rbe1 Nf6 27. Nxf6+ Bxf6 28.
Bd3 Be5
29. g4 Kh8 30. Qh4 Bg7 31. Bxf5 Bxf5 32. gxf5 Rxf5 33. Rxf5 Qxf5 34. Bxh6 Qf3+ 35. Kg1 Bxh6 36. Qxh6+ Kg8 37. Qg5+ Kh8 38. Qh4+ Kg8 39.
Qg3+ Qxg3+ 40. hxg3 Kf7
41. Kg2 Rd8 42. Re6 Kg7 43. Kf3 Rf8+ 44. Kg4 Rf6 45. Rxf6 Kxf6 46. Kf4 Kg6 47. g4 Kf6 48. g5+ Kg6 49.
Kg4 Kg7
50. Kf5 Kf7 51. g6+ Kg7 52. Ke6 Kxg6 53. Kxd6 Kf6 54. Kc7
 1-0

[Event "Asian Junior Chess Championship 2018"]
[Site "Central Palace of Culture of Mongolian Trade Union, Ulaanbaatar, Mongolia"]
[Date "2018.08.22"]
[Round "5"]
[Board "5"]
[White "Munkhzul, Davaakhuu"]
[Black "Meghna, C H"]
[Result "0-1"]
[WhiteElo "1823"]
[BlackElo "1892"]
[PlyCount "0"]
[EventDate "2018.08.19"]
[EventRounds "9"]
[EventCountry "MGL"]

1. e4 e6 2. d4 d5 3. Nd2 c5 4. Ngf3 Nf6 5. exd5
exd5 6. dxc5 Bxc5 7. Bd3 O-O 8. O-O Bg4 9. c3 Nbd7 10.
Nb3 Bb6
11. h3 Bh5 12. Bg5 Qc7 13. Bxf6 Nxf6 14. Be2 Rad8 15. Nbd4 Rfe8 16. Re1 Ne4 17. a4 a6 18. Rc1 Qf4 19.
Qd3 Bc7
20. Kf1 Bg6 21. Qd1 Nxf2 22. Qd2 Ne4 23. Qxf4 Bxf4 24. Ra1
Bg3 25. Red1 Rd6 26. Kg1 h6 27. Rf1 Nc5 28. a5 Re3 29.
Rac1 Rd8 30. c4 Nd3 31. Rc3 dxc4 32. Rxc4 Nf4 33. Bd1
Bd3 34. Rc3 Nd5 35. Rxd3 Rxd3 36. Bc2 Rxd4 37. Nxd4 Ne3 38. Rf3 Nxc2 39. Nxc2 Rd1+ 40. Rf1 Bh2+ 41. Kxh2 Rxf1 42.
Kg3 Rb1
43. b4 Rb2 44. Ne3 Rxb4 45. Kf3 Ra4 46. Nf5 Rxa5  0-1

[Event "Asian Junior Chess Championship 2018"]
[Site "Central Palace of Culture of Mongolian Trade Union, Ulaanbaatar, Mongolia"]
[Date "2018.08.22"]
[Round "5"]
[Board "6"]
[White "Tsogzolmaa, Nanjid"]
[Black "Priyamvada, Karamcheti"]
[Result "0-1"]
[WhiteElo "1792"]
[BlackElo "1850"]
[PlyCount "0"]
[EventDate "2018.08.19"]
[EventRounds "9"]
[EventCountry "MGL"]

1. d4 Nf6 2. Nf3 e6 3. Bf4 c5 4. e3 d5 5. Nbd2 Be7 6. c3 O-O 7. Bd3 h6 8. Ne5 b6
9. O-O Bb7 10. h3 Bd6 11. Bg3 Qc7 12. f4 Ne4 13. Bxe4 dxe4 14. Rc1 f6 15. Nec4
Be7 16. Kh2 f5 17. Ne5 Nd7 18. Qb3 Nxe5 19. fxe5 Qd7 20. dxc5 Bxc5 21. Rfd1 Qf7
22. Nc4 Bd5 23. Rxd5 exd5 24. Nd6 Qe6 25. Rd1 Bxe3 26. Qxd5 Qxd5 27. Rxd5 f4 28.
Be1 f3 29. e6 f2 30. Bxf2 Bxf2 31. e7 Rfe8 32. Re5 Bc5 33. Nxe8 Rxe8 34. Rxe4
Rxe7  0-1